Responses for Show #6602 - Tuesday, May 7, 2013

2013 College Championship quarterfinal game 2.

Contestants

[<< previous game]

Kristen Jolley, a senior at the Georgia Institute of Technology from Alpharetta, Georgia

Daniel Donohue, a junior at Northwestern University from Arlington Heights, Illinois

Jim Coury, a sophomore from Georgetown University from Olmsted Falls, Ohio

[next game >>]

Jeopardy! Round responses

COLLEGES & UNIVERSITIES
NOTRE DAME
EMERSON
BALL STATE
(Alex: We want you to identify the sport.)
GEORGE TOWN
YOU SEE "L.A."
    $200 11
Miami

Daniel
    $200 25
Mary

Kristen
    $200 16
Concord

Daniel
    $200 21
basketball

Daniel
    $200 1
George Lucas

Kristen
    $200 6
Latin America

Jim
    $400 13
Tulane

Daniel
    $400 26
a bell

Daniel
    $400 18
(Daniel: What is--Alpha Epsilon?)

Phi Beta Kappa

JimDaniel
    $400 22
(Kristen: What is soccer?)

football

JimKristen
    $400 2
Custer

Jim
    $400 7
local anesthetic (or anesthesia)

Daniel
    $600 12
the University of Oregon

Jim
    $600 27
the crown of thorns

Daniel
    $3,200 17
transcendentalism

Daniel
    $600 23
baseball

Triple Stumper
    $600 3
(George) Lopez

Daniel
    $600 8
(Kristen: What is a landscape artist?)

a landscape architect

DanielKristen
    $800 14
Vermont

Jim
    $800 28
gargoyles

Jim
    $800 19
(Daniel: What is--doubt?)

consistency

Daniel
Triple Stumper
    $800 24
volleyball

Kristen
    $800 4
George Washington

Jim
    $800 9
liquid assets

Daniel
    $1000 15
Princeton

Kristen
    $1000 29
a rose window

Jim
    $1000 20
Unitarianism

Triple Stumper
    $1000 30
(Kristen: What is softball?)
(Jim: What is baseball?)

tennis

JimKristen
Triple Stumper
    $1000 5
George R.R. Martin

Kristen
    $1000 10
a Lhasa apso

Kristen

Scores at the first commercial break (after clue 15):

Jim Daniel Kristen
$2,800 $3,000 $2,600

Scores at the end of the Jeopardy! Round:

Jim Daniel Kristen
$4,400 $6,400 $2,200

Double Jeopardy! Round responses

PHYSIOLOGY
4-LETTER CROSSWORD CLUES
PEOPLESES
U.S. VOLCANOES
MUSIC MAKERS
MY BROTHER'S IN THE SERVICE
    $400 1
the eye

Daniel
    $400 2
the Magi

Kristen
    $400 11
the Inca

Daniel
    $400 29
Mt. Rainier

Jim
    $400 16
Frank Ocean

Kristen
    $400 24
(Jim: What is ensign?)

enlisted

Jim
Triple Stumper
    $800 3
vertebrae

Kristen
    $800 7
spar

Kristen
    $800 12
Blackfoot/feet

Jim
    $800 23
the Aleutian Islands

Daniel
    $800 17
David Bowie

Triple Stumper
    $800 25
to awaken

Triple Stumper
    $1200 4
the Achilles

Daniel
    $1200 8
a fife

Kristen
    $1200 13
the Hebrews

Jim
    $2,000 22
(Kristen: What is Mauna Kea?)

Kilauea

Kristen
    $1200 18
Alex Clare

Jim
    $1200 26
his blood type

Daniel
    $3,000 5
the trachea

Daniel
    $1600 9
(Kristen: What is...)

port

JimKristen
    $1600 14
tattooing (or painting their bodies)

Kristen
    $1600 21
Mt. St. Helens

Kristen
    $1600 19
Alabama Shakes

Jim
    $1600 27
boot camp (or basic training)

Kristen
    $2000 6
the esophagus

Daniel
    $2000 10
Alva

Kristen
    $2000 15
the Kurds

Kristen
    $2000 30
the Anchorage airport

Jim
    $2000 20
Tegan and Sara

Triple Stumper
    $2000 28
the inclusion of women in the military

Jim

Scores at the end of the Double Jeopardy! Round:

Jim Daniel Kristen
$14,800 $15,400 $11,000

Final Jeopardy! Round responses

CHARACTERS IN SHAKESPEARE
(Alex: Who is [*], from The Tempest?)
KristenWho is Prospero?
$8,000
JimWho is Prospero
$5,201
DanielWho is Benvolio?
$1,400
Prospero

Final scores:

Jim Daniel Kristen
$20,001 $14,000 $19,000
Automatic semifinalist 3rd place: $5,000 if eliminated 2nd place: $5,000 if eliminated

Game dynamics:

Coryat scores:

Jim Daniel Kristen
$14,800 $11,400 $13,000
17 R,
2 W
18 R
(including 2 DDs),
2 W
16 R,
5 W
(including 1 DD)

Combined Coryat: $39,200

[game clues] [game scores] [suggest correction]

Game tape date: 2013-04-08
The J! Archive is created by fans, for fans. Scraping, republication, monetization, and malicious use prohibited; this site may use cookies and collect identifying information. See terms. The Jeopardy! game show and all elements thereof, including but not limited to copyright and trademark thereto, are the property of Jeopardy Productions, Inc. and are protected under law. This website is not affiliated with, sponsored by, or operated by Jeopardy Productions, Inc. Join the discussion at JBoard.tv.